Statistics for Top Three Players by WAR Per Year Since 2010

Click here to take the quiz!

General Stats

  • This quiz has been taken 7 times
  • The average score is 30 of 36

Answer Stats

HintWARTeamAnswer% Correct
20178.0YankeesAaron Judge
100%
20159.7NationalsBryce Harper
100%
20148.2DodgersClayton Kershaw
100%
20138.6DodgersClayton Kershaw
100%
20198.6DodgersCody Bellinger
100%
20203.3BravesFreddie Freeman
100%
20198.4MetsJacob Degrom
100%
201810.4MetsJacob Degrom
100%
20178.1RedsJoey Votto
100%
20167.9AstrosJose Altuve
100%
20108.7RangersJosh Hamilton
100%
201210.5AngelsMike Trout
100%
20189.9AngelsMike Trout
100%
20138.9AngelsMike Trout
100%
201610.5AngelsMike Trout
100%
20147.7AngelsMike Trout
100%
20159.6AngelsMike Trout
100%
201810.7RedsoxMookie Betts
100%
20203.6DodgersMookie Betts
100%
20169.6RedsoxMookie Betts
100%
20219.1AngelsShohei Ohtani
100%
20137.8PiratesAndrew McCutchen
86%
20148.1IndiansCorey Kluber
86%
20108.2RaysEvan Longoria
86%
20128.0TigersJustin Verlander
86%
20118.6TigersJustin Verlander
86%
20199.0AstronsAlex Bregman
71%
20119.0PhilliesCliff Lee
71%
20203.2IndiansShane Bieber
71%
20217.3Blue JaysMarcus Semien
57%
20118.6PhilliesRoy Halladay
57%
20108.3PhilliesRoy Halladay
57%
20217.7PhilliesZack Wheeler
43%
20159.5DodgersZack Greinke
29%
20128.4YankessRobinson Cano
14%
20177.9AngelsAndrelton Simmons
0%

Score Distribution

Percentile by Number Answered

Percent of People with Each Score

Your Score History

You have not taken this quiz